00329nam a2200133Ia 4500003000400000008004100004040001600045082001600061100001400077245004000091260003900131300000800170650001700178GCL140319s9999 xx 000 0 eng d aGCL / cGCL04a004.53bH T1 aHANDY,JIM10aTHE CACHE MEMORY BOOK / cHANDY,JIM a[S.N] : bCHAPMAN & HALL ، c1993 a26904aCACHE MEMORY